Les Pokémons 16 - 6G les plus puissants! (en spécial) - Statistiques

Statistiques générales
  • Ce quiz a été pris 104 fois
  • Le résultat moyen est 15 sur 24
Statistiques - réponses
Base Réponse % Correct
154 Méga Mewtwo X
89%
194 Méga Mewtwo Y
89%
180 Primo Kyogre
85%
154 Mewtwo
80%
180 Deoxys attaque
79%
150 Deoxys normal
79%
180 Méga Rayquaza
79%
150 Primo Groudon
77%
175 Méga Alakazam
70%
150 Kyogre
68%
150 Palkia
68%
150 Dialga
66%
159 Méga Dracaufeu Y
63%
170 Méga Ectoplasma
61%
170 Kyurem Blanc
58%
165 Méga Gardevoir
58%
150 Rayquaza
56%
160 Méga Diancie
54%
150 Reshiram
54%
170 Hoopa déchaîné
44%
150 Hoopa enchaîné
44%
165 Méga Pharamp
41%
160 Méga Latios
35%
150 Exagide
24%
Aucun quiz correspondant
Distribution des résultats
% des personnes avec chaque résultat
Percentile par nombre de réponses
Votre historique - résultats
Vous n’avez pas pris ce quiz